Problémy modernej prózy pri vyučovaní literatúry. Döblinove názory o románe

Bibliographic Details
Main Author: Slivka, Ján (Author)
Format: Article
Language:Slovak
Subjects:

MARC

LEADER 00000nab a2200000 a 4500
001 vtls000194868
003 SK-MaSNL
005 20260302205823.0
008 160204c1984 xo 0 slo
015 |a SNBRA19rr/mm-uuuuu 
035 |a CL0204981 
040 |a SNKBUCL  |b slo  |c SNKBUCL  |e AACR2 
041 0 |a slo 
044 |a xo  |c SK 
080 |a 82.0:82-3  |2 1981 
080 |a 82-3  |2 1981 
100 1 |a Slivka, Ján  |4 aut  |9 402736 
245 1 0 |a Problémy modernej prózy pri vyučovaní literatúry. Döblinove názory o románe  |c Ján Slivka 
500 |a Res. rus., nem. Lit. 11 zázn. 
650 0 7 |a Döblin, Alfred,  |d 1878-1957  |2 snkbucl  |9 932137 
650 0 7 |a román  |2 snkbucl  |9 1442 
655 7 |a články zo zborníkov  |2 snkbucl  |9 166140 
655 7 |a články z odboru literárna veda a krásna literatúra  |2 snkbucl  |9 770045 
773 0 |t Universitas Comeniana. Philologia 1. 1981  |d Bratislava : SPN, 1984 
850 |a Slovenská národná knižnica v Martine  |a MTA001 
852 |a SNK  |b KIS3GCP 
958 |a NB 
958 |a RK 
958 |a LX 
958 |a DE 
992 |a RZB 
999 |c 1479549  |d 1481479